Flood Monitoring / Detection Using Sar Image Analysis Techniques/ (Record no. 540915)

000 -LEADER
fixed length control field 00479nam a22001577a 4500
003 - CONTROL NUMBER IDENTIFIER
control field NUST
038 ## - RECORD CONTENT LICENSOR
Staff Name Saba
082 ## - DEWEY DECIMAL CLASSIFICATION NUMBER
Classification number 200
Author Mark MCS
100 ## - MAIN ENTRY--PERSONAL NAME
Personal name Nazir, Fakhera
9 (RLIN) 35200
245 ## - TITLE STATEMENT
Title Flood Monitoring / Detection Using Sar Image Analysis Techniques/
Statement of responsibility, etc. Fakhera Nazir
260 ## - PUBLICATION, DISTRIBUTION, ETC.
Place of publication, distribution, etc. Islamabad :
Name of publisher, distributor, etc. MCS-NUST,
Date of publication, distribution, etc. 2013.
300 ## - PHYSICAL DESCRIPTION
Extent 61p.
Dimensions 30cm
650 ## - SUBJECT ADDED ENTRY--TOPICAL TERM
Topical term or geographic name entry element MS-Computer Software Engineering - Flood Monitoring
9 (RLIN) 126542
700 ## - ADDED ENTRY--PERSONAL NAME
Personal name Supervisor:Dr. Fahim Arif
9 (RLIN) 114276
942 ## - ADDED ENTRY ELEMENTS (KOHA)
Source of classification or shelving scheme
Koha item type Soft Copy
Holdings
Withdrawn status Lost status Source of classification or shelving scheme Damaged status Not for loan Permanent Location Current Location Date acquired Total Checkouts Full call number Barcode Date last seen Price effective from Koha item type Shelving location
          Central Library (CL) Central Library (CL) 11/12/2020   004 MCS CL-T-1339 11/12/2020 11/12/2020 Thesis  
          Central Library (CL) Central Library (CL) 11/16/2020   200 CL-T-6465 11/16/2020 11/16/2020 Soft Copy Thesis
© 2023 Central Library, National University of Sciences and Technology. All Rights Reserved.